000 006690000a22002170004500
001 12976
010 _a972-20-1404-8
090 _a12976
100 _a20041108d2000 k y0pory5003 ba
101 0 _apor
102 _aPT
200 1 _aO senhor Ventura
_fMiguel Torga
205 _a4ª. ed
210 _aLisboa
_cDom Quixote
_d2000
215 _a115 p
225 2 _aAutores de língua portuguesa
_iObras de Miguel Torga
314 _aMiguel Torga é pseudónimo de Adolfo Correia da Rocha.
675 _a821.134.3-32"19"
_vBN
_zpor
700 1 _aTorga
_bMiguel
_cpseud.
942 _cMON
_n0
999 _a12976
_bBibliobase - BMTAV
_c2019-01-21